• 首页
  • 本馆介绍
  • 公告通知
  • 最新文献
  • 馆藏检索
  • 电子资源
  • 读者导购
  • 参考咨询
  • 我的图书馆
  • 登录
  • 详细信息显示
  • 放入我的书架
  • 预约/预借图书
  • 作者相关作品
  • 分类相关作品
  • 丛书相关作品
  • 出版社相关作品

书目信息

  • 表格格式
  • 工作单格式
  • 卡片格式
题名:
中国古代图书事业史概要
    
 
作者: 来新夏 著
分册:  
出版信息: 天津   天津古籍出版社  1987
页数: 71页
开本: 19cm
丛书名:
单 册:
中图分类: G259.29
科图分类:
主题词: 图书馆事业-文化史--中国--古代 , 文化史-图书馆事业--中国--古代
电子资源:
ISBN: 7-80504-022-2
000 00664nam0 2200229 45
001 0187002194
005 20060811105225.45
010    @a7-80504-022-2@dCNY1.90
100    @a19900808d1987 emky0chiy0121 ea
101 0  @achi
102    @aCN@b120000
105    @af z 000yy
200 10 @a中国古代图书事业史概要@Azhong guo gu dai tu shu shi ye shi gai yao@f来新夏著
210    @a天津@c天津古籍出版社@d1987
215    @a71页@d19cm
606    @a图书馆事业-文化史@y中国@z古代
606    @a文化史-图书馆事业@y中国@z古代
690    @aG259.29@v3
701  0 @a来新夏@Alai xin xia@4著
801  2 @aCN@bNLC@c20060811
801  0 @aCN@bTSSF
905    @a10447@dG259.29@e25
    
    中国古代图书事业史概要/来新夏著.-天津:天津古籍出版社,1987
    71页;19cm
    
    
    ISBN 7-80504-022-2:CNY1.90
    
●
相关链接 在E读中查询图书 在五车中查询图书 在当当中查询图书 在豆瓣中查询图书


正题名:中国古代图书事业史概要     索取号:G259.29/25         预约/预借

序号 登录号 条形码 馆藏地/架位号 状态 备注
1 0448683   204486831   密集书库/ [索取号:G259.29/25] 在馆    
唐山师范学院图书馆 欢迎您!
大连网信软件有限公司© 版权所有